Stupeň integrácie Slovenskej republiky do Európskej únie z hľadiska rozvoja cestovného ruchu

Prínosy členstva SR v EÚ pre rozvoj cestovného ruchu. Slovensko musí nielen využívať výhody, vyplývajúce z členstva, ale musí aj prispievať k vytváraniu priaznivých podmienok, systematicky koordinovať záujmy súkromného a verejného sektora v cestovnom ruchu a podieľaťsa na tvorbe a fotmovaní spoločn...

Description complète

Enregistré dans:
Détails bibliographiques
Auteur principal: Raši, Šimon
Format: Chapitre de livre
Langue:slovaque
Sujets:
Tags: Ajouter un tag
Pas de tags, Soyez le premier à ajouter un tag!

MARC

LEADER 00000naa$a2200000$$$4500
001 0066202
005 20220322083331.6
041 0 |a slo 
044 |a SK 
245 1 0 |a Stupeň integrácie Slovenskej republiky do Európskej únie z hľadiska rozvoja cestovného ruchu  |c Šimon Raši 
520 |a Prínosy členstva SR v EÚ pre rozvoj cestovného ruchu. Slovensko musí nielen využívať výhody, vyplývajúce z členstva, ale musí aj prispievať k vytváraniu priaznivých podmienok, systematicky koordinovať záujmy súkromného a verejného sektora v cestovnom ruchu a podieľaťsa na tvorbe a fotmovaní spoločnej politiky cestovného ruchu. Plnenie kritérií Schengenskej zmluvy a Maastrichtskej zmluvy. 
610 2 0 |a Európska únia 
610 2 0 |a Slovensko 
610 2 0 |a ruch cestovný 
610 2 0 |a zmluvy medzinárodné 
610 2 0 |a integrácia 
610 2 0 |a globalizácia 
100 1 |a Raši, Šimon